000
00267nam a2200109Ia 4500
008
220204s9999 xx 000 0 und d
082
_a
92(HER)
_b
HER
100
_a
Herriot, James
245
0
_a
All things wise and wonderful
260
_a
London
_b
Pan
_c
1979
942
_c
BK
999
_c
38662
_d
38662